00346nam a2200145Ia 4500003000400000005001700004008004000021040001100061041001200072082001600084100002000100245004000120260003200160300000800192OSt20220514111200.0210210b2003 xxu||||| |||| 00| 0 eng d aALc  aEnglish a657.46 MEHB aMEHROTRA (H C). aBusiness taxation for Bcom II year. aAgra.bSahitya Bhavanc2003 a585